000
00295nam a2200145Ia 4500
100
_a
Au/ Edith
942
_c
BK
654
_a
Computer
245
_a
Java programming Basics
260
_b
MIS
_a
New Delhi
_c
1996
082
_a
5.13
_b
JAVA
300
_a
458
546
_a
ENGLISH
999
_c
20864
_d
20864